Zeszyty Naukowe: Małopolskiej Wyższej Szkoły Ekonomicznej w Tarnowie
Saved in:
| Format: | Serial |
|---|---|
| Language: | English |
| Published: |
Tarnów
Wydawnictwo Diecezji Tarnowskiej
2019
|
| Subjects: | |
| Tags: |
No Tags, Be the first to tag this record!
|
MARC
| LEADER | 00000nas2a2200000 4500 | ||
|---|---|---|---|
| 001 | 0298559 | ||
| 005 | 20240814112303.6 | ||
| 022 | |a 2658-1817 | ||
| 041 | 0 | |a eng | |
| 044 | |a PL | ||
| 245 | 1 | 0 | |a Zeszyty Naukowe: Małopolskiej Wyższej Szkoły Ekonomicznej w Tarnowie |
| 264 | 1 | |a Tarnów |b Wydawnictwo Diecezji Tarnowskiej |c 2019 | |
| 773 | 0 | |w eu_un_cat*0274685 | |
| 610 | 2 | 0 | |a manažment |
| 610 | 2 | 0 | |a riadenie podnikové |
| 610 | 2 | 0 | |a procesy podnikové |
| 610 | 2 | 0 | |a zodpovednosť spoločenská |